000 00288nam a2200121 a 4500
008 101022s1966|||| d
100 1 _aLagerkvist, Pär
245 1 0 _aBarabáš Sibyla Ahasver
260 _bTatran
_aBratislava
_c1966
020 _c15,50
041 _aslo
044 _axo
_cSK
999 _c12058
_d12058